000 00438nam a22001217a 4500
008 230612b xxu||||| |||| 00| 0 eng d
082 _a352.4908
_bKEN
245 _a The Appropriation Accounts, Other Public Accounts Details Excluding Accounts of the Funds of the Republic of Kenya for the 2008/2009
_cGovernment of Kenya
260 _aKenya
_bGovernment of Kenya
_c2009
300 _a590 p
710 _bGovernment of Kenya
942 _2ddc
_cBK
999 _c1124
_d1124